as maiores subdivisões do mundo - Statistics

Estatísticas Gerais
  • Esse quiz foi jogado 89 vezes
  • A pontuação média é 16 de 50
Respostas no mapa
Respostas codificadas por cores de uma escala verde-vermelha no mapa do quiz de acordo com a % correta abaixo.
 
Estatísticas das Respostas
km² País Regiones % Correto
1 559 159 Brasil Amazonas
91%
696 241 Estados Unidos Texas
91%
903 357 Brasil Mato Grosso
90%
586 528 Brasil Minas Gerais
90%
564 692 Brasil Bahía
88%
1 247 690 Brasil Pará
88%
423 970 Estados Unidos California
87%
1 717 856 Estados Unidos Alaska
78%
1 542 056 Canadá Quebec
69%
2 166 086 Dinamarca Groenlândia
59%
1 076 395 Canadá Ontario
51%
1 228 400 China Tíbet
51%
405 212 Canadá Terranova e Labrador
50%
661 848 Canadá Alberta
44%
944 735 Canadá Columbia Británica
41%
2 038 722 Canadá Nunavut
41%
1 730 648 Austrália Queensland
41%
647 797 Canadá Manitoba
35%
482 443 Canadá Yukón
34%
800 642 Austrália Nova Gales do Sul
32%
2 529 875 Austrália Austrália Occidental
31%
651 900 Canadá Saskatchewan
31%
1 420 970 Austrália Territorio do Norte
29%
1 346 106 Canadá Territorios do Noroeste
29%
983 482 Austrália Australia Meridional
26%
1 181 104 China Mongolia Interior
25%
3 083 523 Rússia Sakka
18%
1 664 897 China Sinkiang
18%
472 300 Rússia Kamchatka
15%
412 000 Arábia Saudita Riad
15%
454 000 China Gansu
13%
696 700 China Qinghai
12%
454 800 China Heilongjiang
10%
2 339 700 Rússia Krasnoyarsk
10%
667 799 Níger Agadez
9%
774 846 Rusia Irkutsk
9%
416 800 Rússia Komi
9%
440 098 Egito Novo Valle
9%
721 481 Rusia Chukotka
7%
485 000 China Sichuan
7%
427 982 Cazaquistão Karagandá
6%
465 464 Rússia Magadán
6%
683 976 Rússia Yamalia
6%
483 510 Líbia Kufra
4%
672 522 Arábia Saudita Provincia Oriental
4%
587 400 Rússia Arcángel
3%
440 176 Mali Taoudeni
3%
787 633 Rússia Jabárovsk
1%
534 500 Rusia Janti-Mansi
1%
431 500 Rússia Transbaikalia
1%
Nenhum quiz correspondente encontrado
Distribuição das Pontuações
Porcentagem de Pessoas com Cada Pontuação
Percentil de Números Respondidos
Sua Pontuação Histórica
Você não jogou esse quiz